LEADER 05850oam 2200805I 450 001 9910461086103321 005 20200520144314.0 010 $a1-315-55736-3 010 $a1-317-02941-0 010 $a1-317-02940-2 010 $a1-280-68992-7 010 $a9786613666864 010 $a1-4094-4265-9 024 7 $a10.1201/9781315557366 035 $a(CKB)2670000000175141 035 $a(EBL)883348 035 $a(OCoLC)784886046 035 $a(SSID)ssj0000622938 035 $a(PQKBManifestationID)11926379 035 $a(PQKBTitleCode)TC0000622938 035 $a(PQKBWorkID)10655649 035 $a(PQKB)10776003 035 $a(MiAaPQ)EBC883348 035 $a(Au-PeEL)EBL883348 035 $a(CaPaEBR)ebr10546726 035 $a(CaONFJC)MIL366686 035 $a(OCoLC)1012164756 035 $a(EXLCZ)992670000000175141 100 $a20180706d2017 uy 0 101 0 $aeng 135 $aur|n|---||||| 181 $ctxt 182 $cc 183 $acr 200 14$aThe Handbook of Operator Fatigue /$feditors, P.A. Hancock, Paula A. Desmond 205 $aFirst edition. 210 1$aBoca Raton, FL :$cCRC Press,$d2017. 215 $a1 online resource (531 p.) 300 $aDescription based upon print version of record. 311 $a1-138-07781-X 311 $a0-7546-7537-8 320 $aIncludes bibliographical references and index. 327 $aCover; Contents; List of Figures; List of Tables; The Editors; The Contributors; Part I Introduction to Operator Fatigue; 1 An Overview of Operator Fatigue; 2 An Historical View of Operator Fatigue; 3 Challenges in Fatigue and Performance Research; Part II The Nature of Fatigue; 4 Conceptualizing and Defining Fatigue; 5 Individual Differences in Stress, Fatigue and Performance; 6 Task Characteristics and Fatigue; 7 Fatigue in Sports Psychology; Part III Assessment of Fatigue; 8 Approaches to the Measurement of Fatigue; 9 Dimensional Models of Fatigue 327 $a10 Models of Individual Differences in Fatigue for Performance ResearchPart IV The Neuroscience of Fatigue; 11 Neuroscience of Sleep and Circadian Rhythms; 12 The Influence of Fatigue on Brain Activity; 13 Cerebral Hemodynamic Indices of Operator Fatigue in Vigilance; 14 Biochemical Indices of Fatigue for Anti-fatigue Strategies and Products; Part V Performance Effects of Sleep Loss and Circadian Rhythms; 15 Socio-emotional and Neurocognitive Effects of Sleep Loss; 16 Circadian Rhythms and Mental Performance; 17 Sleep Loss and Performance; Part VI Fatigue and Health 327 $a18 Differentiating Fatigue in Chronic Fatigue Syndrome and Psychiatric Disorders19 Chronic Fatigue Syndrome; 20 Upper Respiratory Tract Illnesses and Fatigue; Part VII Applied Contexts for Operator Fatigue; 21 Long Work Hours, Fatigue, Safety, and Health; 22 Fatigue and Road Safety; 23 Driver Fatigue and Safety: A Transactional Perspective; 24 Understanding and Managing Fatigue in Aviation; 25 Soldier Fatigue and Performance Effectiveness: Yesterday, Today and Tomorrow; Part VIII Operational Countermeasures; 26 Adaptive Automation for Mitigation of Hazardous States of Awareness 327 $a27 Countermeasures for Driver Fatigue28 Work Scheduling; 29 Avoiding the Impact of Fatigue on Human Effectiveness; 30 Model-based Fatigue Risk Management; Index 330 2 $a"Fatigue is a recognized problem in many facets of the human enterprise. It is not confined to any one area of activity but enters all situations in which humans have to perform for extended intervals of time. Most problematic are the circumstances in which obligatory action is continuous and the results of failure are evidently serious or even catastrophic. Therefore, the modern media especially highlights fatigue-related failures in industries such as transportation, materials processing and healthcare. It can be, and indeed is, no coincidence that most of the spectacular failures in process control that have resulted in the world's largest industrial accidents have occurred in the small hours of the morning when the circadian rhythm is lowest and operator fatigue itself peaks. While there have been legislative efforts made at state, federal and international levels to regulate working hours of employees, the appropriate implementation of such legislation is still a long way off. The Handbook of Operator Fatigue provides a comprehensive account of the subject to serve as the definitive reference work for researchers, students and practitioners alike. The volume features 30 chapters written by experts from around the world to address each important facet of fatigue, including: the scale of the fatigue problem (Section I), the nature of fatigue (Section II), how to assess fatigue (Section III), the impact of fatigue on health (Section IV), fatigue in the workplace (Section V), the neurological basis of fatigue (VI), sleep disorders (VII), and the design of countermeasures to fatigue (VIII)."--Provided by publisher. 606 $aFatigue 606 $aFatigue$xPhysiological aspects 606 $aFatigue$xDiagnosis 606 $aFatigue$xPrevention 606 $aMotor vehicle drivers$xSafety measures 606 $aLocal transit$xEmployees$xHealth and hygiene 608 $aElectronic books. 615 0$aFatigue. 615 0$aFatigue$xPhysiological aspects. 615 0$aFatigue$xDiagnosis. 615 0$aFatigue$xPrevention. 615 0$aMotor vehicle drivers$xSafety measures. 615 0$aLocal transit$xEmployees$xHealth and hygiene. 676 $a612.744 700 $aMatthews$b Gerald$0943743 702 $aDesmond$b Paula A. 702 $aHancock$b P.A. 801 0$bFlBoTFG 801 1$bFlBoTFG 906 $aBOOK 912 $a9910461086103321 996 $aThe Handbook of Operator Fatigue$92130409 997 $aUNINA LEADER 03952nam 22006011 450 001 9910511339803321 005 20200513105437.0 010 $a0-7556-2153-0 010 $a0-85772-850-4 024 7 $a10.5040/9780755621538 035 $a(CKB)3710000000635416 035 $a(EBL)4461557 035 $a(SSID)ssj0001683487 035 $a(PQKBManifestationID)16509592 035 $a(PQKBTitleCode)TC0001683487 035 $a(PQKBWorkID)15038080 035 $a(PQKB)11785171 035 $a(MiAaPQ)EBC4461557 035 $a(OCoLC)945735736 035 $a(UtOrBLW)bpp09265802 035 $a(EXLCZ)993710000000635416 100 $a20200605d2015 uy 0 101 0 $aeng 135 $aur|n|---||||| 181 $ctxt 182 $cc 183 $acr 200 10$aNationalism and Yugoslavia $eeducation, Yugoslavism and the Balkans before World War II /$fby Pieter Troch 205 $aFirst edition. 210 1$aLondon :$cI.B. Tauris,$d2015. 215 $a1 online resource (257 p.) 300 $aDescription based upon print version of record. 311 $a1-350-15399-0 311 $a1-78076-753-6 320 $aIncludes bibliographical references and index. 327 $aFront Cover; Title; Copyright; Contents; Acknowledgements; 1. Introduction; Part 1 The Framework: Yugoslavism, Politics, and Education; 2. Yugoslavism and the Politics of Interwar Yugoslavia; 3. Modernity will be Yugoslav: The Organisation of the Yugoslav Education System; Part 2 The Possibilities: The Inclusive Approach to Yugoslav National Identity; 4. The Serbo-Croato-Slovenian National Language; 5. Merging 'Tribal' Histories; 6. Making Sense of the Yugoslav National Territory; 7. Religious Diversity and Yugoslav Nationhood; Conclusion 327 $aPart 3 The Limitations: Exclusionary Understandings of Yugoslav Nationhood8. The Divisive Use of Yugoslavism in Historical and Religious Commemorations; 9. The Popular Resonance of Nationhood: Yugoslav Teachers as National Educators; 10. The Comparative and Long-Term Significance of Interwar Yugoslav Nation Building; Notes; Bibliography; Back cover 330 $a"Created after World War I, 'Yugoslavia' was a combination of ethnically, religiously, and linguistically diverse but connected South Slav peoples - Slovenes, Croats and Serbs but also Bosnian Muslims, Macedonians, and Montenegrins - in addition to non-Slav minorities. The Great Powers and the country's intellectual and political elites believed that a coherent identity could be formed in which the different South Slav groups in the state could identify with a single Balkan Yugoslav identity. Pieter Troch draws on previously unpublished sources from the domain of education to show how the state's nationalities policy initially allowed for a flexible and inclusive Yugoslav nationhood, and how that system was slowly replaced with a more domineering and rigid 'top-down' nationalism during the dictatorship of King Alexander I - who banned political parties and coded a strongly politicised Yugoslav national identity. As Yugoslav society became increasingly split between the 'pro-Yugoslav' central regime and 'anti-Yugoslav' opposition, the seeds were sown for the failure of the Yugoslav idea. Nationalism and Yugoslavia provides a valuable new insight into the complexities of pre-war Yugoslavia."--Bloomsbury Publishing. 606 $aEducation$xPolitical aspects$zYugoslavia$xHistory$y20th century 606 $aNationalism$zYugoslavia$xHistory$y20th century 606 $aEuropean history$2BIC 607 $aYugoslavia$xHistory$y1918-1945 615 0$aEducation$xPolitical aspects$xHistory 615 0$aNationalism$xHistory 615 7$aEuropean history. 676 $a949.7021 700 $aTroch$b Pieter$01065956 801 0$bUtOrBLW 801 1$bUtOrBLW 906 $aBOOK 912 $a9910511339803321 996 $aNationalism and Yugoslavia$92548353 997 $aUNINA LEADER 01394nam 2200253la 450 001 9910481433903321 005 20230503094958.0 035 $a(UK-CbPIL)2090349676 035 $a(CKB)5500000000096303 035 $a(EXLCZ)995500000000096303 100 $a20230503d1606 uy | 101 0 $agre 135 $aurcn||||a|bb| 200 10$aAnastasii Sinaitae, patriarchae Antiocheni Hodegos, seu Dux viae, aduersus Acephalos. Nunc primum ex Bibliotheca inclytae Reipublicae Augustanae graece? & latine? editus. Studio & opera Jacobi Gretseri Societatis Iesu theologi. ... Accesserunt Quadraginta duo opuscula Theodori Abucarae, episcopi Cariae, contra varios infideles, . 210 $aIngolstadt $c[s.n.]$d1606 215 $aOnline resource ([24], 549 [i.e. 547, 1] p., 4º) 300 $aReproduction of original in Biblioteca Nazionale Centrale di Firenze. 700 $aAnastasius$b Sinaita$cSaint,$factive 640-700.$0438355 801 0$bUk-CbPIL 801 1$bUk-CbPIL 906 $aBOOK 912 $a9910481433903321 996 $aAnastasii Sinaitae, patriarchae Antiocheni Hodegos, seu Dux viae, aduersus Acephalos. Nunc primum ex Bibliotheca inclytae Reipublicae Augustanae graecè & latinè editus. Studio & opera Jacobi Gretseri Societatis Iesu theologi. ... Accesserunt Quadraginta duo opuscula Theodori Abucarae, episcopi Cariae, contra varios infideles,$92125277 997 $aUNINA